Cómo preparar un plan de negocios exitoso
Gorde:
| Egile nagusia: | |
|---|---|
| Formatua: | Liburua |
| Hizkuntza: | gaztelania |
| Argitaratua: |
Ciudad de México
McGraw-Hill
2008
|
| Gaiak: | |
| Etiketak: |
Etiketa erantsi
Etiketarik gabe, Izan zaitez lehena erregistro honi etiketa jartzen!
|
MARC
| LEADER | 00000cam a2200000 a 4500 | ||
|---|---|---|---|
| 001 | UCG2262 | ||
| 003 | CL-VaPUC | ||
| 008 | 100701e20080000MX |||||||||||||||||spa|d | ||
| 020 | |a 9789701062982 | ||
| 082 | 0 | 4 | |a 658.401 |b BAL |2 21 |
| 100 | 0 | |a Balanko-Dickson, Greg |e author |9 550677 | |
| 245 | 1 | 0 | |a Cómo preparar un plan de negocios exitoso |
| 300 | |a 382 p | ||
| 942 | |c BK | ||
| 945 | |d 20100701 00:00:00 |a dcastane | ||
| 260 | |a Ciudad de México |b McGraw-Hill |c 2008 | ||
| 650 | 0 | |a Planificación estratégica |9 259735 | |
| 650 | 0 | |a Negociación |9 307187 | |
| 650 | 0 | |a Liderazgo |9 271835 | |
| 650 | 0 | |a Toma de decisiones |9 257530 | |
| 583 | |a last modification |c 20180720 11:35:40 |k Rodrigo Vera | ||
| 999 | |c 341483 |d 341481 | ||
| 952 | |0 0 |1 0 |3 erb |4 0 |6 658_401000000000000_BAL_2008 |7 0 |8 A |9 437021 |a BIBGIM |b BIBGIM |i 5481333 |o 658.401 BAL 2008 |p 5481333 |r 2025-01-15 |w 2019-11-22 |y BK |z Catalogado en:20180720 |k COM | ||
| 952 | |0 0 |1 0 |3 erb |4 0 |6 658_401000000000000_BAL_2008 |7 0 |8 A |9 437022 |a BIBGIM |b BIBGIM |i 5481325 |o 658.401 BAL 2008 |p 5481325 |r 2025-01-15 |w 2019-11-22 |y BK |z Catalogado en:20180720 |k COM | ||
| 952 | |0 0 |1 0 |3 erb |4 0 |6 658_401000000000000_BAL_2008 |7 0 |8 A |9 437023 |a BIBGIM |b BIBGIM |i 5481317 |o 658.401 BAL 2008 |p 5481317 |r 2025-01-15 |w 2019-11-22 |y BK |z Catalogado en:20180720 |k COM | ||